000 00898nam a22002897a 4500
001 BR8007170
003 BR-BrBNA
005 20230928090828.0
007 ta
008 230509b bl.||||| |||| 00| 0 por d
040 _aBR-BrBNA
_bpor
_cBiblioteca Nacional de Agricultura
041 _a(Por)
072 _aE30
_b/G514
_b/GZ74
090 _ E30 BR8007170
110 1 _aMinisterio da Agricultura, Brasilia, DF (Brasil). Secretaria Geral
245 1 _aPOLOCENTRO. Relatorio de acompanhamento - periodo: Jul/Set - 1980 [Programa de Desenvolvimento dos Cerrados, Brasil]
260 3 _aBrasilia, DF (Brasil):
_c1980.
300 _a59 p.
650 _aPROJETO DE DESENVOLVIMENTO
650 _aARMAZEM
650 _aINSTALACAO AGRICOLA
650 _aINSPECAO SANITARIA
650 _aASSISTENCIA TECNICA
650 _aEXTENSAO RURAL
909 _a202309
_bLucia
_c55
_dLucia Elande
942 _cBK
999 _c30774
_d30774